Industry research using the economic census : how to find it, how to use it /

Bibliographic Details
Main Author: Boettcher, Jennifer C.
Other Authors: Gaines, Leonard M.
Format: Book
Language:English
Published: Westport, Conn. : Greenwood Press, 2004.
Series:How to find it, how to use it.
Subjects:
Online Access:Table of contents

MARC

Tag First Indicator Second Indicator Subfields
LEADER 00000pam a22000004a 4500
001 in00002013021
005 20151031143328.0
008 040413s2004 ctuab bf 001 0 eng
010 |a  2004008607 
015 |a GBA443791  |2 bnb 
016 7 |a 012932864  |2 Uk 
020 |a 157356351X (alk. paper) 
035 |a (OCoLC)ocm54966368 
040 |a DLC  |c DLC  |d YDX  |d UKM  |d TXA  |d UtOrBLW 
042 |a pcc 
043 |a n-us--- 
049 |a TXAM 
050 0 0 |a HC101  |b .B594 2004 
082 0 0 |a 338.0973/0072/7  |2 22 
100 1 |a Boettcher, Jennifer C. 
245 1 0 |a Industry research using the economic census :  |b how to find it, how to use it /  |c Jennifer C. Boettcher and Leonard M. Gaines. 
264 1 |a Westport, Conn. :  |b Greenwood Press,  |c 2004. 
300 |a xv, 305 pages :  |b illustrations, map ;  |c 29 cm. 
336 |a text  |b txt  |2 rdacontent 
337 |a unmediated  |b n  |2 rdamedia 
338 |a volume  |b nc  |2 rdacarrier 
490 1 |a How to find it, how to use it 
504 |a Includes bibliographical references and index. 
505 0 |a Overview and history -- Economic census procedures -- Terminology -- North American industry classification system (NAICS) -- Reports and special publications -- Formats -- Agriculture -- Transportation and warehousing -- Manufacturing -- Wholesale trade -- Retail trade -- Remaining sectors. 
630 0 0 |a Economic census  |v Handbooks, manuals, etc. 
650 0 |a Industrial statistics  |z United States  |x Statistical services. 
651 0 |a United States  |v Census  |v Handbooks, manuals, etc. 
700 1 |a Gaines, Leonard M. 
830 0 |a How to find it, how to use it. 
856 4 1 |3 Table of contents  |u http://www.loc.gov/catdir/toc/ecip0417/2004008607.html  |t 0 
994 |a E0  |b TXA 
948 |a cataloged  |b h  |c 2004/11/22  |d c  |e bwalker  |f 9:19:05 am 
999 |a MARS 
999 f f |s a388cbc9-3cb1-3a31-802f-a66b78eae332  |i e8478c06-a42d-3a87-a979-e6546689867b  |t 0 
952 f f |p ric  |a Texas A&M University  |b Rellis Campus  |c Joint Library Facility  |d Remote Storage  |t 0  |e HC101 .B594 2004  |h Library of Congress classification  |i unmediated -- volume  |m A14831636776 
998 f f |a HC101 .B594 2004  |t 0  |l Remote Storage